00570 2200205 4500001002100000005001700021008004100038020002200079035002400101040001200125090002000137100001700157245004600174250001000220260004400230300002800274650002800302850001200330990002200342YOGYA-0212000000019320120213231431.0 ind  a978-602-8817-06-6 0010-021200000000193 aYOPDYOG aDEP 613.2 Gen J aGenta Wijaya aJus penangkal racun tubuh /cGenta Wijaya aCet.1 aYogyakartabUniversitas Atmajaya,c2010 aVI, 49 hlmbilusc19 cm aMinuman-Aspek kesehatan aYOPDYOG aCB-D.11-2010-2186